000 00553nam a22001577a 4500
999 _c534264
_d534264
020 _qHard Cover.
082 _a620.5
100 _aRiaz, Zakia
245 _aBlends and Hybrids of TOPAS with Poly L-Lactic Acid (PLLA) and Hydroxyapatite (HA) for Degradable Packaging /
_cZakia Riaz.
260 _aIslamabad:
_bSCME - NUST,
_c2017.
300 _a68 p. :
_bill. ;
_c30cm.
942 _2ddc
_cTHE
650 _aNano Science and Engineering MS-Thesis.
_916438
700 _aDr. Ahmed Nawaz Khan
_928432